[Event "VI Open A"]
[Site "Forni di Sopra ITA"]
[Date "2015.06.17"]
[Round "6"]
[White "Bruno, Fabio"]
[Black "Bellia, Fabrizio"]
[WhiteElo "2420"]
[BlackElo "2450"]
[Result "0-1"]
[PlyCount "150"]
[EventDate "2015.06.13"]

1. d4 d5 2. Nf3 Nf6 3. c4 e6 4. Nc3 Be7 5. Bf4 O-O 6. e3 Nbd7 7. cxd5 Nxd5 8.
Bg3 Nxc3 9. bxc3 c5 10. Bd3 Nf6 11. O-O b6 12. Qe2 Bb7 13. e4 Rc8 14. Rad1 cxd4
15. cxd4 Rc3 16. d5 exd5 17. e5 Nh5 18. Nd4 Nxg3 19. hxg3 g6 20. Qd2 Ra3 21.
Rfe1 a6 22. Bb1 Ra4 23. Re2 Bc5 24. Nf3 Re8 25. Qh6 Bf8 26. Qd2 Bg7 27. Qb2 Qc7
28. Bc2 Rc4 29. Bb3 Rc5 30. Rde1 Bc8 31. Qd4 h6 32. Nh2 Rc1 33. Qxd5 Rxe1+ 34.
Rxe1 Rxe5 35. Rxe5 Bxe5 36. Nf3 Bf6 37. Qe4 Kg7 38. Qe3 b5 39. Kh2 Qd6 40. Qa7
Be6 41. Qb7 Bxb3 42. axb3 Qd3 43. Qxa6 Qxb3 44. Qd6 Qc3 45. Nd2 Qd4 46. Qf4 b4
47. Nb3 Qc3 48. Qf3 Qb2 49. Kg1 Bc3 50. Qd1 h5 51. Kf1 Qa2 52. Kg1 Qa6 53. g4
hxg4 54. Qxg4 Qd3 55. Nc5 Qd5 56. Ne4 Be5 57. Qe2 b3 58. Nd2 b2 59. g3 Bd4 60.
Nb1 Qf5 61. Na3 Qc5 62. Nb1 Qc1+ 63. Qf1 Qc2 64. Kg2 Qe4+ 65. f3 Qc2+ 66. Kh3
Be3 67. Qe1 Qc1 68. Qc3+ Qxc3 69. Nxc3 Kf6 70. Kg2 Ke5 71. Kf1 Kd4 72. Nb1 Kd3
73. Ke1 Kc2 74. Na3+ Kc1 75. Ke2 Bc5 0-1

[Event "VI Open A"]
[Site "Forni di Sopra ITA"]
[Date "2015.06.17"]
[Round "6"]
[White "Castrillon Gomez, Melissa"]
[Black "Machidon, Cristi"]
[WhiteElo "2167"]
[BlackElo "2211"]
[Result "1-0"]
[PlyCount "69"]
[EventDate "2015.06.13"]

1. e4 c6 2. d4 d5 3. Nc3 dxe4 4. Nxe4 Bf5 5. Ng3 Bg6 6. h4 h6 7. Nh3 Nf6 8. Nf4
Bh7 9. Bc4 e6 10. O-O Bd6 11. Re1 O-O 12. c3 Nd5 13. Qg4 Nxf4 14. Bxf4 Bxf4 15.
Qxf4 Nd7 16. Nh5 Nb6 17. Qg4 Bg6 18. Bd3 Bxh5 19. Qxh5 Nd5 20. g3 Rc8 21. Rad1
a5 22. Bb1 Re8 23. Re5 Qb6 24. Qe2 a4 25. Rd3 Red8 26. Rf3 Nf6 27. g4 Nxg4 28.
Rxe6 Qc7 29. Qd3 g6 30. Rg3 h5 31. Rxg6+ fxg6 32. Qxg6+ Qg7 33. Qxh5 Rd5 34.
Bf5 Rf8 35. Be6+ 1-0

[Event "VI Open A"]
[Site "Forni di Sopra ITA"]
[Date "2015.06.17"]
[Round "6"]
[White "De Eccher, Stefano"]
[Black "Dappiano, Andrea"]
[WhiteElo "2229"]
[BlackElo "2212"]
[Result "1/2-1/2"]
[PlyCount "47"]
[EventDate "2015.06.13"]

1. e4 c5 2. c4 Nc6 3. Nc3 g6 4. g3 Bg7 5. Bg2 e6 6. Nge2 Nge7 7. d3 O-O 8. O-O
a6 9. Be3 Nd4 10. Qd2 Re8 11. Bh6 Bh8 12. Bg5 d6 13. e5 Nxe2+ 14. Qxe2 Bxe5 15.
Ne4 Kg7 16. Bxe7 Qxe7 17. Nxc5 Bf6 18. Ne4 Bd4 19. Nc3 Rb8 20. a4 Bd7 21. Qd2
Bc6 22. Ne2 Bf6 23. d4 Bxg2 24. Kxg2 1/2-1/2

[Event "VI Open A"]
[Site "Forni di Sopra ITA"]
[Date "2015.06.17"]
[Round "6"]
[White "De Santis, Alessio"]
[Black "Cocchi, Andrea"]
[WhiteElo "2266"]
[BlackElo "2275"]
[Result "1/2-1/2"]
[PlyCount "100"]
[EventDate "2015.06.13"]

1. d4 Nf6 2. c4 e6 3. Nc3 Bb4 4. g3 O-O 5. Bg2 d5 6. a3 Be7 7. Nf3 dxc4 8. O-O
Nc6 9. e4 a6 10. Bf4 Na5 11. Qe2 b5 12. Rad1 Bb7 13. h3 Nb3 14. g4 Qc8 15. g5
Nd7 16. h4 Bd6 17. e5 Be7 18. d5 Ndc5 19. d6 Bd8 20. Qc2 Na5 21. Bg3 Bc6 22.
Nh2 Bxg2 23. Kxg2 Qb7+ 24. f3 Nd3 25. Ne4 Nc6 26. Ng4 Nd4 27. Qc3 Nf5 28. b3
cxd6 29. exd6 Bb6 30. h5 Bd4 31. Qd2 Qb6 32. bxc4 bxc4 33. Rb1 Qc6 34. h6 g6
35. d7 Kh8 36. Ngf6 Ne3+ 37. Kh3 Nxf1 38. Rxf1 e5 39. Nc3 Rab8 40. Ncd5 Rb5 41.
Nb4 Qe6+ 42. Kh4 Nxb4 43. axb4 c3 44. Qd3 Rxb4 45. Re1 Rd8 46. Re4 a5 47. f4
Qc6 48. Qf3 Qe6 49. Qd3 Qc6 50. Qf3 Qe6 1/2-1/2

[Event "VI Open A"]
[Site "Forni di Sopra ITA"]
[Date "2015.06.17"]
[Round "6"]
[White "Pescatore, Lorenzo"]
[Black "Abarca Gonzalez, Damaris"]
[WhiteElo "2285"]
[BlackElo "2010"]
[Result "1-0"]
[PlyCount "67"]
[EventDate "2015.06.13"]

1. e4 e5 2. Nf3 Nc6 3. Bc4 Bc5 4. O-O d6 5. c3 Nf6 6. d4 exd4 7. cxd4 Bb6 8.
Re1 O-O 9. h3 d5 10. exd5 Nxd5 11. Bxd5 Qxd5 12. Nc3 Qh5 13. d5 Nb8 14. Be3 Ba5
15. Bc5 Bxc3 16. bxc3 Rd8 17. Qd4 f6 18. c4 Bxh3 19. Re4 Bd7 20. Rae1 Na6 21.
Ba3 b6 22. Re7 Bg4 23. Nh2 Bd7 24. Bb2 Qg6 25. R1e3 c5 26. Qc3 Kf8 27. d6 Qb1+
28. Nf1 Bf5 29. Rxg7 Rxd6 30. Ree7 Bg6 31. Rd7 Re6 32. Bc1 Ke8 33. Qd2 Nb4 34.
Rg8# 1-0

[Event "VI Open A"]
[Site "Forni di Sopra ITA"]
[Date "2015.06.17"]
[Round "6"]
[White "Stopa, Jacek"]
[Black "Lagumina, Giulio"]
[WhiteElo "2540"]
[BlackElo "2326"]
[Result "1-0"]
[PlyCount "83"]
[EventDate "2015.06.13"]

1. b4 d5 2. Bb2 Nf6 3. e3 e6 4. a3 Be7 5. g4 h6 6. h3 b6 7. Bg2 Bb7 8. d3 c5 9.
bxc5 bxc5 10. Nd2 Nc6 11. Rb1 Rb8 12. f4 g5 13. Ne2 gxf4 14. Nxf4 e5 15. Ne2
Rg8 16. Nf3 e4 17. Ne5 Bd6 18. Nxc6 Bxc6 19. O-O Rxb2 20. Rxb2 h5 21. gxh5 Nxh5
22. Nf4 Nxf4 23. exf4 Qh4 24. dxe4 d4 25. c3 Bxe4 26. Qe1 Qxe1 27. Rxe1 f5 28.
Kf1 dxc3 29. Bxe4 fxe4 30. Rxe4+ Kd7 31. Rc2 Rg3 32. h4 Kc6 33. Rc4 Rh3 34.
R4xc3 Rxh4 35. f5 Rf4+ 36. Rf2 Rxf2+ 37. Kxf2 Kd5 38. Ke3 c4 39. a4 Bc5+ 40.
Ke2 Bd4 41. Rf3 Bf6 42. Re3 1-0

[Event "VI Open A"]
[Site "Forni di Sopra ITA"]
[Date "2015.06.17"]
[Round "6"]
[White "Valsecchi, Alessio"]
[Black "Cafaro, Luca"]
[WhiteElo "2445"]
[BlackElo "2250"]
[Result "1-0"]
[PlyCount "69"]
[EventDate "2015.06.13"]

1. e4 e5 2. Nf3 Nc6 3. Bb5 a6 4. Ba4 Nf6 5. Nc3 b5 6. Bb3 Be7 7. d3 O-O 8. Nd5
d6 9. Nxe7+ Nxe7 10. Bg5 Ng6 11. Qd2 Be6 12. h4 Bxb3 13. axb3 h6 14. h5 Nf4 15.
Bxf4 exf4 16. Qxf4 d5 17. e5 Nd7 18. O-O Qe7 19. Rfe1 Nc5 20. Qb4 Rfe8 21. Nd4
Ne6 22. Qxe7 Rxe7 23. Nxb5 c6 24. Nc3 Nd4 25. Ra4 Nf5 26. d4 f6 27. Kh2 Kf7 28.
f4 fxe5 29. dxe5 d4 30. Ne4 Ne3 31. c3 Rb8 32. Nc5 Ng4+ 33. Kg3 Nf6 34. cxd4
Nxh5+ 35. Kf3 1-0

[Event "VI Open A"]
[Site "Forni di Sopra ITA"]
[Date "2015.06.17"]
[Round "6"]
[White "Vezzosi, Paolo"]
[Black "Boraso, Alessio"]
[WhiteElo "2350"]
[BlackElo "2233"]
[Result "1/2-1/2"]
[PlyCount "85"]
[EventDate "2015.06.13"]

1. d4 Nf6 2. Nf3 g6 3. c4 Bg7 4. Nc3 O-O 5. e4 d6 6. Be2 e5 7. d5 a5 8. Bg5 h6
9. Bh4 Na6 10. Nd2 Nc5 11. O-O Bd7 12. Rb1 b6 13. b3 Nfxe4 14. Bxd8 Nxc3 15.
Bxc7 Nxd1 16. Rbxd1 Nb7 17. Bxb6 f5 18. f3 Nc5 19. Bxc5 dxc5 20. a4 Rab8 21.
Bd3 Bf6 22. Rfe1 Kf7 23. Bc2 Ke7 24. d6+ Ke6 25. Nf1 Bc6 26. Ne3 Rbd8 27. Nd5
Bxd5 28. Rxd5 Rc8 29. g4 Rfd8 30. gxf5+ gxf5 31. Re2 Rd7 32. Rg2 Rc6 33. Rgd2
Bg5 34. R2d3 Bc1 35. Kf1 Rcxd6 36. Rxd6+ Rxd6 37. Rxd6+ Kxd6 38. Bxf5 Bf4 39.
h3 Bc1 40. Ke2 Bf4 41. Kd3 Bc1 42. Ke4 Bf4 43. Bg4 1/2-1/2

[Event "VI Open A"]
[Site "Forni di Sopra ITA"]
[Date "2015.06.17"]
[Round "6"]
[White "Zamengo, Fulvio"]
[Black "Mencinger, Vojko"]
[WhiteElo "2271"]
[BlackElo "2372"]
[Result "0-1"]
[PlyCount "127"]
[EventDate "2015.06.13"]

1. e4 c5 2. Nf3 d6 3. d4 cxd4 4. Nxd4 Nf6 5. Nc3 a6 6. g3 e5 7. Nb3 Be7 8. Bg2
O-O 9. O-O Be6 10. a4 Nbd7 11. Re1 Rc8 12. Nd2 Re8 13. Nf1 Bf8 14. Ne3 g6 15.
a5 Rc5 16. Na4 Rxa5 17. b4 Rb5 18. c4 Rxb4 19. Ba3 Rxa4 20. Qxa4 Nb6 21. Qc2
Qc7 22. Rac1 Rc8 23. Bf1 Ng4 24. Nxg4 Bxg4 25. Qb3 Nd7 26. Rb1 Rb8 27. Rec1 Be6
28. Qb2 Qc6 29. Bd3 b6 30. Qc3 Rc8 31. Qb2 Qb7 32. Qe2 Ra8 33. Rf1 Qc6 34. f4
f6 35. f5 Bf7 36. h4 Be7 37. Kh2 Ra7 38. Rfc1 Bf8 39. Rd1 a5 40. Rg1 Rc7 41.
Rbc1 Nc5 42. Bxc5 Qxc5 43. g4 Qd4 44. Rc2 Kh8 45. Rg3 a4 46. Qf2 Qxf2+ 47. Rxf2
gxf5 48. Rxf5 Bg7 49. g5 fxg5 50. hxg5 Bxc4 51. Bxc4 Rxc4 52. Rd3 Rc6 53. Rf7
Kg8 54. Ra7 b5 55. Rb7 Bf8 56. Rf3 Rc8 57. Rxb5 Be7 58. Rb4 a3 59. Rb7 a2 60.
Ra3 Rc2+ 61. Kh3 Rc3+ 62. Rxc3 a1=Q 63. Rc8+ Kg7 64. Rc2 0-1

[Event "VI Open A"]
[Site "Forni di Sopra ITA"]
[Date "2015.06.18"]
[Round "7"]
[White "Antal, Gergely"]
[Black "Horvath, Csaba"]
[WhiteElo "2505"]
[BlackElo "2546"]
[Result "1/2-1/2"]
[PlyCount "64"]
[EventDate "2015.06.13"]

1. e4 c5 2. Nf3 d6 3. d4 cxd4 4. Nxd4 Nf6 5. Nc3 a6 6. f4 e6 7. Bd3 Nbd7 8. Nf3
g6 9. O-O Bg7 10. a4 O-O 11. Qe2 Qc7 12. Kh1 b6 13. e5 dxe5 14. fxe5 Ng4 15.
Bf4 Bb7 16. Be4 Bxe4 17. Qxe4 Ngxe5 18. Rae1 f6 19. Bxe5 Nxe5 20. Nxe5 fxe5 21.
Rxf8+ Rxf8 22. Qe2 Qc6 23. h3 e4 24. Qxa6 Bxc3 25. bxc3 Qxc3 26. Rxe4 Qxc2 27.
Rxe6 Qc1+ 28. Kh2 Rf1 29. Qa8+ Kg7 30. Qe4 Qc7+ 31. Qe5+ Qxe5+ 32. Rxe5 Rf4
1/2-1/2

[Event "VI Open A"]
[Site "Forni di Sopra ITA"]
[Date "2015.06.18"]
[Round "7"]
[White "Boraso, Alessio"]
[Black "Sorbera, Giovanni"]
[WhiteElo "2233"]
[BlackElo "2160"]
[Result "1/2-1/2"]
[PlyCount "98"]
[EventDate "2015.06.13"]

1. e4 e5 2. Nf3 Nc6 3. Bb5 a6 4. Bxc6 dxc6 5. O-O Bd6 6. d4 f6 7. dxe5 fxe5 8.
Nxe5 Be6 9. Nd3 Qh4 10. e5 Be7 11. Bf4 O-O-O 12. Bg3 Qd4 13. Nc3 g5 14. Kh1 Nh6
15. f3 Nf5 16. Bf2 Qd7 17. Nc5 Qe8 18. Qe2 Bxc5 19. Bxc5 h5 20. Rfd1 h4 21. Kg1
h3 22. Rxd8+ Qxd8 23. Rd1 Qg8 24. g3 g4 25. fxg4 Nxg3 26. hxg3 h2+ 27. Kh1 Bxg4
28. Qd3 Bxd1 29. Nxd1 Rh5 30. Bf2 Qg4 31. Bd4 c5 32. Bc3 c4 33. Qd5 Rh8 34. Nf2
Qxg3 35. Qg2 Qe3 36. Nd1 Qc1 37. Qg4+ Kb8 38. e6 Rd8 39. Bd4 Qd2 40. e7 Qe1+
41. Kxh2 Qxe7 42. c3 Ka8 43. Kg2 Qf7 44. Qf3 Qg8+ 45. Kh2 c5 46. Bf2 Rd7 47.
Bg3 Rd3 48. Ne3 Qe8 49. Bf2 Qg8 1/2-1/2

[Event "VI Open A"]
[Site "Forni di Sopra ITA"]
[Date "2015.06.18"]
[Round "7"]
[White "Cafaro, Luca"]
[Black "Seresin, Francesco"]
[WhiteElo "2250"]
[BlackElo "2102"]
[Result "1-0"]
[PlyCount "103"]
[EventDate "2015.06.13"]

1. e4 d5 2. exd5 Nf6 3. d4 Nxd5 4. Nf3 g6 5. Be2 Bg7 6. c4 Nb6 7. Nc3 O-O 8.
O-O Nc6 9. d5 Ne5 10. Nxe5 Bxe5 11. Bh6 Re8 12. f4 Bf6 13. Qb3 e6 14. Bd3 exd5
15. cxd5 c6 16. f5 cxd5 17. fxg6 hxg6 18. Qc2 Kh7 19. Bd2 Be6 20. Rf3 Nc4 21.
Raf1 Bd4+ 22. Kh1 Ne5 23. Rf4 Nxd3 24. Qxd3 Be5 25. R4f3 Qh4 26. Bf4 Bg7 27.
Nb5 Re7 28. Nc7 Rxc7 29. Bxc7 Qc4 30. Bf4 Qxd3 31. Rxd3 Rc8 32. Rb3 b6 33. Ra3
a5 34. Rb3 Rc6 35. Rc1 Rxc1+ 36. Bxc1 Bd4 37. Be3 Bxe3 38. Rxe3 d4 39. Rd3 Bxa2
40. Rxd4 b5 41. Kg1 Kg7 42. Kf2 Kf6 43. Ke3 Ke5 44. Rd8 Bd5 45. Re8+ Be6 46.
Rb8 Bc4 47. h4 a4 48. g4 f5 49. h5 gxh5 50. gxh5 f4+ 51. Kf3 Kf5 52. Rb6 1-0

[Event "VI Open A"]
[Site "Forni di Sopra ITA"]
[Date "2015.06.18"]
[Round "7"]
[White "Cocchi, Andrea"]
[Black "Barp, Alberto"]
[WhiteElo "2275"]
[BlackElo "2180"]
[Result "1-0"]
[PlyCount "119"]
[EventDate "2015.06.13"]

1. Nf3 d5 2. b3 Bg4 3. e3 Nd7 4. Bb2 c6 5. Be2 Qc7 6. c4 Ngf6 7. cxd5 Nxd5 8.
Na3 e5 9. O-O Be7 10. Nc4 f6 11. d4 b5 12. Ncd2 O-O 13. Rc1 a6 14. a3 Rac8 15.
dxe5 Nxe5 16. Nxe5 Bxe2 17. Qxe2 fxe5 18. Qg4 Kh8 19. Qe6 Bf6 20. Ne4 Rfe8 21.
Qg4 a5 22. Rfd1 Red8 23. Ng5 Qe7 24. Ne4 Rc7 25. Nc5 Rd6 26. Ne4 Rd8 27. Rd2 c5
28. Qe2 b4 29. Qb5 bxa3 30. Bxa3 Nb4 31. Rcd1 Rxd2 32. Rxd2 h6 33. g3 Qe6 34.
Qxa5 Qc6 35. Nxf6 gxf6 36. Bxb4 cxb4 37. Qxb4 Rb7 38. Qf8+ Kh7 39. Rd1 Qf3 40.
Rd8 Kg6 41. Qg8+ Kf5 42. h3 h5 43. Qc4 Rg7 44. Qc2+ Kg5 45. Qd1 Qxd1+ 46. Rxd1
Rb7 47. Rd3 Rc7 48. Kg2 Rc2 49. Rd5 Kf5 50. Kf3 Ke6 51. Rb5 Rb2 52. Rb8 e4+ 53.
Kxe4 Rxf2 54. Rb6+ Kf7 55. b4 f5+ 56. Ke5 Rf3 57. Rf6+ Kg7 58. Rxf5 Rxg3 59.
Rxh5 Kg6 60. Kf4 1-0

[Event "VI Open A"]
[Site "Forni di Sopra ITA"]
[Date "2015.06.18"]
[Round "7"]
[White "De Eccher, Stefano"]
[Black "Vezzosi, Paolo"]
[WhiteElo "2229"]
[BlackElo "2350"]
[Result "0-1"]
[PlyCount "55"]
[EventDate "2015.06.13"]

1. e4 e6 2. d4 d5 3. Nc3 Bb4 4. Nge2 Nc6 5. a3 Bxc3+ 6. Nxc3 dxe4 7. Be3 Nf6 8.
Qd2 Ne7 9. O-O-O Bd7 10. Bc4 Bc6 11. Bg5 Qd6 12. Rhe1 O-O-O 13. Bf4 Qd7 14. Be5
Ned5 15. Bf1 Nxc3 16. Qxc3 Ng4 17. d5 exd5 18. Bxg7 Rhg8 19. Bd4 Nxh2 20. Be2
Rxg2 21. Bxa7 Rdg8 22. Be3 Ng4 23. Bxg4 R2xg4 24. Qd4 b6 25. c4 dxc4 26. Qxc4
Bb5 27. Qb4 Bd3 28. f3 0-1

[Event "VI Open A"]
[Site "Forni di Sopra ITA"]
[Date "2015.06.18"]
[Round "7"]
[White "Dvirnyy, Danyyil"]
[Black "Castrillon Gomez, Melissa"]
[WhiteElo "2541"]
[BlackElo "2167"]
[Result "1-0"]
[PlyCount "75"]
[EventDate "2015.06.13"]

1. d4 Nf6 2. Nf3 g6 3. g3 Bg7 4. Bg2 d6 5. O-O O-O 6. c4 Nc6 7. Nc3 a6 8. Bf4
Rb8 9. Rc1 Nd7 10. Qd2 Re8 11. Rfd1 e5 12. dxe5 dxe5 13. Be3 Ne7 14. Nh4 c6 15.
Bc5 Nf5 16. Nxf5 gxf5 17. Na4 Qf6 18. Bd6 Ra8 19. Qa5 e4 20. c5 Ra7 21. Qc7 Qd8
22. Qxd8 Rxd8 23. Bb8 Ra8 24. Bc7 Re8 25. Bh3 Be5 26. Bxe5 Rxe5 27. Nb6 Nxb6
28. Rd8+ Kg7 29. cxb6 Rd5 30. Re8 Kf6 31. f3 exf3 32. exf3 Re5 33. Rh8 Kg7 34.
Rd8 f6 35. Kf2 Kf7 36. Re1 Ke7 37. Rh8 Kd6 38. Rxe5 1-0

[Event "VI Open A"]
[Site "Forni di Sopra ITA"]
[Date "2015.06.18"]
[Round "7"]
[White "Lagumina, Giulio"]
[Black "Mileto, Gabriele"]
[WhiteElo "2326"]
[BlackElo "2150"]
[Result "1/2-1/2"]
[PlyCount "23"]
[EventDate "2015.06.13"]

1. e4 c5 2. Nf3 d6 3. Bb5+ Nd7 4. O-O a6 5. Bd3 Ngf6 6. Re1 Qc7 7. c3 Ne5 8.
Nxe5 dxe5 9. a4 e6 10. Bc4 Be7 11. d3 O-O 12. Be3 1/2-1/2

[Event "VI Open A"]
[Site "Forni di Sopra ITA"]
[Date "2015.06.18"]
[Round "7"]
[White "Machidon, Cristi"]
[Black "De Santis, Alessio"]
[WhiteElo "2211"]
[BlackElo "2266"]
[Result "1-0"]
[PlyCount "143"]
[EventDate "2015.06.13"]

1. d4 Nf6 2. Nf3 b6 3. g3 Bb7 4. Bg2 c5 5. dxc5 bxc5 6. c4 g6 7. Nc3 Bg7 8. O-O
O-O 9. Qc2 Nc6 10. e4 Ne8 11. Be3 d6 12. Rfd1 Qc8 13. Rab1 Nc7 14. Nd5 Re8 15.
a3 Ne6 16. Bh3 Ncd4 17. Bxd4 Bxd4 18. Nxd4 Bxd5 19. Ne2 Bc6 20. b4 Bd7 21. b5
Nd4 22. Bxd7 Nxe2+ 23. Qxe2 Qxd7 24. e5 Qc7 25. Rd5 dxe5 26. Qxe5 Qxe5 27. Rxe5
Rac8 28. Rd1 Rc7 29. a4 e6 30. Kf1 Kf8 31. Re3 Ke7 32. Red3 h5 33. h4 Rb8 34.
Rd6 Rg8 35. f4 Rb8 36. Ke2 Ra8 37. a5 Rb8 38. Ke3 Rbc8 39. R1d3 Rb8 40. Ke2
Rbc8 41. Kd2 Rb8 42. Kc3 Rbc8 43. Kb3 Rb7 44. Ka4 Ke8 45. Ra6 Re7 46. b6 axb6
47. axb6 Rb8 48. Kb5 e5 49. Kxc5 e4 50. Re3 f5 51. Kb5 Rd7 52. c5 Rd1 53. Raa3
Kd7 54. c6+ Kd6 55. Rab3 Rd5+ 56. Ka6 Kxc6 57. Ka7 Rb7+ 58. Ka6 Rb8 59. Rec3+
Rc5 60. b7 Rxc3 61. Rxc3+ Kd5 62. Ka7 Rxb7+ 63. Kxb7 Kd4 64. Rc6 e3 65. Rxg6 e2
66. Re6 Kd3 67. Kc6 Kd2 68. Kd5 Kd1 69. Rxe2 Kxe2 70. Ke5 Kf2 71. Kxf5 Kxg3 72.
Kg5 1-0

[Event "VI Open A"]
[Site "Forni di Sopra ITA"]
[Date "2015.06.18"]
[Round "7"]
[White "Mencinger, Vojko"]
[Black "Valsecchi, Alessio"]
[WhiteElo "2372"]
[BlackElo "2445"]
[Result "0-1"]
[PlyCount "84"]
[EventDate "2015.06.13"]

1. e4 e5 2. Nf3 Nc6 3. Bc4 Bc5 4. c3 Nf6 5. d3 d6 6. Nbd2 a6 7. Bb3 Ba7 8. h3
Ne7 9. Nf1 Ng6 10. Ng3 O-O 11. O-O h6 12. Be3 Be6 13. Bxa7 Rxa7 14. Re1 c5 15.
a4 Qb6 16. Ra3 Nf4 17. Nf5 Qc7 18. Ne3 Raa8 19. Bc4 Rad8 20. Qc2 Rc8 21. Raa1
Bd7 22. a5 g6 23. h4 Ng4 24. Nd5 Nxd5 25. Bxd5 Nf6 26. Bc4 Kg7 27. Nd2 Nh5 28.
Qd1 Bc6 29. Nf1 f5 30. exf5 Nf4 31. Be6 Rce8 32. Ne3 Kh8 33. d4 gxf5 34. Bxf5
Nxg2 35. Nxg2 Rxf5 36. d5 Bb5 37. Re3 Qf7 38. Qd2 Rf8 39. Re4 Qg6 40. Rae1 Bd7
41. h5 Rxh5 42. f4 Qg3 0-1

[Event "VI Open A"]
[Site "Forni di Sopra ITA"]
[Date "2015.06.18"]
[Round "7"]
[White "Naumkin, Igor"]
[Black "Stopa, Jacek"]
[WhiteElo "2421"]
[BlackElo "2540"]
[Result "1-0"]
[PlyCount "73"]
[EventDate "2015.06.13"]

1. d4 d5 2. c4 e6 3. Nf3 Nf6 4. Nc3 Bb4 5. cxd5 exd5 6. Bg5 h6 7. Bh4 c5 8. e3
c4 9. Nd2 g5 10. Bg3 Nc6 11. Qc2 O-O 12. a3 Ba5 13. Be2 Re8 14. O-O Be6 15. f4
Kg7 16. Nf3 Ng4 17. Nd1 Bc7 18. Ne5 Ncxe5 19. fxe5 h5 20. h3 h4 21. Bxg4 hxg3
22. Bxe6 Rxe6 23. Qf5 Qd7 24. Nc3 Rf8 25. Ne2 Bd8 26. Nxg3 Qb5 27. Rf2 Qb3 28.
Qf3 c3 29. bxc3 Qxc3 30. Raf1 Qxa3 31. Qxd5 g4 32. Qxb7 Be7 33. Nf5+ Kg8 34.
Qe4 gxh3 35. Qg4+ Rg6 36. Nh6+ Kh8 37. Qxh3 1-0

[Event "VI Open A"]
[Site "Forni di Sopra ITA"]
[Date "2015.06.18"]
[Round "7"]
[White "Pescatore, Lorenzo"]
[Black "Bruno, Fabio"]
[WhiteElo "2285"]
[BlackElo "2420"]
[Result "0-1"]
[PlyCount "102"]
[EventDate "2015.06.13"]

1. e4 e6 2. d4 d5 3. Nc3 Nf6 4. Bg5 dxe4 5. Nxe4 Be7 6. Bxf6 gxf6 7. Nf3 f5 8.
Ng3 c5 9. dxc5 Qa5+ 10. c3 Qxc5 11. Qd4 Qxd4 12. Nxd4 a6 13. a4 Bd7 14. Bd3 Nc6
15. O-O Nxd4 16. cxd4 Bc6 17. Rfe1 O-O-O 18. Rac1 Kc7 19. Bb5 axb5 20. axb5 Bf6
21. bxc6 bxc6 22. Ne2 Bxd4 23. b4 Kb6 24. Rc4 Bf6 25. Rec1 Rd6 26. g3 Ra8 27.
R1c2 Ra1+ 28. Kg2 Rb1 29. Nc1 h6 30. h3 Rb2 31. Rxb2 Bxb2 32. Nb3 Kb5 33. Na5
Ba3 34. Rh4 Bxb4 35. Nc4 Rd5 36. Ne3 Rd7 37. Rxh6 Bc3 38. Rh4 Bd4 39. Nc2 c5
40. Kf3 Kc4 41. Ke2 Kc3 42. Ne1 Ra7 43. Rf4 Ra2+ 44. Kf1 Kc4 45. g4 fxg4 46.
hxg4 f6 47. Rf3 Kd5 48. Nd3 Ke4 49. Kg2 c4 50. Nf4 Bxf2 51. Nxe6 Bh4+ 0-1

[Event "VI Open A"]
[Site "Forni di Sopra ITA"]
[Date "2015.06.18"]
[Round "7"]
[White "Rozentalis, Eduardas"]
[Black "Bellia, Fabrizio"]
[WhiteElo "2524"]
[BlackElo "2450"]
[Result "1/2-1/2"]
[PlyCount "89"]
[EventDate "2015.06.13"]

1. e4 e5 2. Nf3 Nc6 3. Nc3 Nf6 4. Bb5 Bd6 5. a3 O-O 6. d3 h6 7. g4 Nh7 8. Be3
Re8 9. Rg1 Nd4 10. Bc4 Qf6 11. Rg3 Ng5 12. Nxg5 hxg5 13. Nb5 Ne6 14. Nxd6 cxd6
15. Bxe6 Qxe6 16. Bxg5 d5 17. Qf3 dxe4 18. dxe4 d5 19. exd5 Qg6 20. h4 Qxc2 21.
Rc1 Qxb2 22. Rc7 Qb1+ 23. Bc1 Bd7 24. Qd3 Qxd3 25. Rxd3 Bxg4 26. Rxb7 Rab8 27.
Rc7 Red8 28. d6 Rd7 29. Rxd7 Bxd7 30. Be3 a6 31. Rc3 Rb7 32. Rc5 f6 33. Ra5 Kf7
34. Rxa6 Rb1+ 35. Kd2 Rh1 36. a4 Rxh4 37. a5 Ke6 38. Kc3 Ra4 39. Kb3 Ra1 40.
Bc5 Rb1+ 41. Kc2 Rb5 42. Ba3 f5 43. Ra8 Bc6 44. Ra7 Rb7 45. Rxb7 1/2-1/2

[Event "VI Open A"]
[Site "Forni di Sopra ITA"]
[Date "2015.06.19"]
[Round "8"]
[White "Bruno, Fabio"]
[Black "Antal, Gergely"]
[WhiteElo "2420"]
[BlackElo "2505"]
[Result "1/2-1/2"]
[PlyCount "83"]
[EventDate "2015.06.13"]

1. d4 Nf6 2. Nf3 g6 3. c4 Bg7 4. Nc3 d5 5. cxd5 Nxd5 6. e4 Nxc3 7. bxc3 O-O 8.
Be3 c5 9. Be2 cxd4 10. cxd4 Qa5+ 11. Nd2 Bd7 12. O-O Ba4 13. Nb3 Qb4 14. Rc1
Nd7 15. Rc4 Qa3 16. Qc2 Nb6 17. Rc5 Rfd8 18. d5 Nd7 19. Rc7 b6 20. f4 Nc5 21.
Bxc5 bxc5 22. e5 Rac8 23. Rxc8 Rxc8 24. Bc4 Qb4 25. Qe2 Bd7 26. Rd1 Rb8 27. d6
exd6 28. Rxd6 Bb5 29. Nd2 Bf8 30. Rd5 Bxc4 31. Nxc4 Qc3 32. Rd1 Rb4 33. Ne3 Re4
34. Nd5 Rxe2 35. Nxc3 Rc2 36. Ne4 Rxa2 37. Rd7 Ra6 38. Nf6+ Kg7 39. Ne8+ Kg8
40. Rxf7 Rc6 41. Rd7 Ra6 42. Rc7 1/2-1/2

[Event "VI Open A"]
[Site "Forni di Sopra ITA"]
[Date "2015.06.19"]
[Round "8"]
[White "Castrillon Gomez, Melissa"]
[Black "Cocchi, Andrea"]
[WhiteElo "2167"]
[BlackElo "2275"]
[Result "1/2-1/2"]
[PlyCount "112"]
[EventDate "2015.06.13"]

1. e4 c5 2. c3 d5 3. exd5 Qxd5 4. d4 Bf5 5. Na3 Nc6 6. Be3 cxd4 7. Nb5 O-O-O 8.
Nxd4 e6 9. Ngf3 Bc5 10. Qa4 Nxd4 11. cxd4 Bb6 12. b4 Ne7 13. Bc4 Qd6 14. O-O
Nd5 15. Bxd5 exd5 16. Ne5 Bd7 17. b5 Qf6 18. Qb3 Kb8 19. a4 Ba5 20. Qxd5 Be6
21. Qc5 Ka8 22. Rfc1 Rc8 23. Qa3 Bd5 24. Rxc8+ Rxc8 25. Rc1 Rxc1+ 26. Qxc1 Qd8
27. Nc4 Bc7 28. a5 f6 29. b6 axb6 30. axb6 Bxb6 31. Qa3+ Ba7 32. Nd6 Qb6 33.
Nc8 Qa6 34. Qc1 Qc4 35. Qxc4 Bxc4 36. Nxa7 Kxa7 37. d5+ Kb8 38. d6 Kc8 39. Bc5
Kd7 40. f4 Be6 41. Kf2 Kc6 42. Ba3 Kd5 43. Ke3 Bf5 44. Kf3 h5 45. h3 h4 46. Bb4
b5 47. Be1 Kxd6 48. Bxh4 b4 49. Be1 Kc5 50. g4 Bc2 51. Ke3 f5 52. Kd2 Be4 53.
Kc1 Bg2 54. gxf5 Bxh3 55. f6 gxf6 56. f5 Bxf5 1/2-1/2

[Event "VI Open A"]
[Site "Forni di Sopra ITA"]
[Date "2015.06.19"]
[Round "8"]
[White "Ceschia, Ivano"]
[Black "Martinez, Ayelen"]
[WhiteElo "2243"]
[BlackElo "2212"]
[Result "1/2-1/2"]
[PlyCount "121"]
[EventDate "2015.06.13"]

1. e4 c5 2. Nf3 d6 3. d4 cxd4 4. Qxd4 Nc6 5. Bb5 Bd7 6. Bxc6 Bxc6 7. Nc3 Nf6 8.
Bg5 e6 9. O-O-O Be7 10. Kb1 O-O 11. Rhe1 h6 12. Bh4 d5 13. e5 Ne4 14. Bxe7 Qxe7
15. Qe3 Qb4 16. Nxe4 dxe4 17. Nd4 Bd5 18. b3 Rfc8 19. Kb2 Rc5 20. c4 Bc6 21.
Nc2 Qb6 22. f4 exf3 23. gxf3 Rxc4 24. Qxb6 Rxc2+ 25. Kxc2 axb6 26. a4 Bxf3 27.
Rd4 b5 28. Kc3 bxa4 29. Rxa4 Rc8+ 30. Rc4 Ra8 31. Rc7 g5 32. Re3 Bd5 33. Rg3
Ra1 34. Kd4 Re1 35. Re3 Rh1 36. Re2 Rf1 37. Kc5 h5 38. Kd6 g4 39. Ke7 h4 40.
Rc3 Kg7 41. Rcc2 Bxb3 42. Rb2 Bd5 43. Rf2 Rxf2 44. Rxf2 Kg6 45. Rxf7 b5 46. Rf8
b4 47. Rf4 Kg5 48. Rxb4 g3 49. hxg3 hxg3 50. Rb8 Kf4 51. Rg8 Bc4 52. Kd6 Kf3
53. Rf8+ Ke3 54. Rg8 Kf2 55. Rf8+ Kg1 56. Kc5 Bf1 57. Rg8 Kh2 58. Kd4 g2 59.
Rh8+ Kg3 60. Rg8+ Kf2 61. Rf8+ 1/2-1/2

[Event "VI Open A"]
[Site "Forni di Sopra ITA"]
[Date "2015.06.19"]
[Round "8"]
[White "Dappiano, Andrea"]
[Black "Pescatore, Lorenzo"]
[WhiteElo "2212"]
[BlackElo "2285"]
[Result "1/2-1/2"]
[PlyCount "44"]
[EventDate "2015.06.13"]

1. e4 c5 2. Nc3 Nc6 3. g3 g6 4. Bg2 Bg7 5. d3 d6 6. Be3 e6 7. Qd2 Rb8 8. Nge2
Nd4 9. Nd1 b5 10. O-O Nxe2+ 11. Qxe2 Ne7 12. Qd2 O-O 13. Bh6 e5 14. Bxg7 Kxg7
15. Ne3 f6 16. c3 b4 17. d4 bxc3 18. bxc3 Be6 19. Rfd1 Qb6 20. dxe5 dxe5 21.
Qd6 Kf7 22. Bf1 Rfd8 1/2-1/2

[Event "VI Open A"]
[Site "Forni di Sopra ITA"]
[Date "2015.06.19"]
[Round "8"]
[White "Horvath, Csaba"]
[Black "Valsecchi, Alessio"]
[WhiteElo "2546"]
[BlackElo "2445"]
[Result "1/2-1/2"]
[PlyCount "45"]
[EventDate "2015.06.13"]

1. d4 Nf6 2. c4 g6 3. Nc3 d5 4. cxd5 Nxd5 5. e4 Nxc3 6. bxc3 Bg7 7. Qa4+ c6 8.
Nf3 O-O 9. Be2 b5 10. Qc2 c5 11. O-O b4 12. Rd1 a5 13. Bb2 cxd4 14. Nxd4 Qb6
15. cxb4 axb4 16. Nf3 Qc6 17. Qxc6 Nxc6 18. Bxg7 Kxg7 19. Bb5 Na7 20. Bc4 Bg4
21. Rdb1 Bxf3 22. gxf3 Rab8 23. Rd1 1/2-1/2